000 01191nam a2200253Ia 4500
999 _c40499
_d40499
001 7110
003 GE_BSU
005 20230925173232.0
008 181216s2011||||ge |||||||||||||| ||geo||
020 _a9789941194245.
040 _cGE_BSU
041 _ageo
080 _a821.353.1+821.353.1-32 რ-98
100 _aრჩეულიშვილი, გურამ
_919923
245 _aმოთხრობები : 1956 წელი ტ.1 :
_bპროზა /
_cგურამ რჩეულიშვილი ; შემდგ. : მარინე რჩეულიშვილი, სარედ. : ჯგ.ზურაბ აბაშიძე, მანანა ჯანელიძე, ირმა ხარშილაძე.
260 _a.
264 _aთბილისი :
_bპალიტრა L,
_c2011.
300 _a352 გვ. :
_bფოტო გარეკანზე ;
_c20 სმ.
490 _aჩემი რჩეული
_vტ 32
_xISSN 2233-3037
541 _h8ლ.
653 _aმოთხრობები
700 _aრჩეულიშვილი, მარინე
_eშემდგენელი
_919925
942 _cBK
_2udc